Statistics for Reservoir Dogs Trivia

Click here to take the quiz!

General Stats

  • This quiz has been taken 511 times
  • The average score is 9 of 15

Answer Stats

HintAnswer% Correct
"Are you gonna bark all day, little doggie, or are you gonna ____?"?Bite
92%
Who directed the film?Quentin Tarantino
85%
What year was the film released?1992
81%
Which singer are the Reservoir Dogs talking about at the start of the film?Madonna
80%
What type of building is the film set in?A warehouse
76%
Which song does Mr. Blonde dance to?Stuck in the Middle with You
69%
What is Larry Dimmick's alias?Mr. White
64%
What does Mr. Blonde use to slice an ear off?Straight razor
62%
What is Marvin Nash's profession?A cop
58%
What is Eddie's nickname?Nice Guy
54%
What doesn't Mr. Pink do?Tip
50%
And which actor plays him?Chris Penn
46%
Who says "All right ramblers, let's get rambling!"?Joe Cabot
40%
How is Mr. Blue described as when dead?Dead as Dillinger
13%
What is Mr. Orange's real name?Freddy Newandyke
9%

Score Distribution

Percentile by Number Answered

Percent of People with Each Score

Your Score History

You have not taken this quiz